Ville par lettre - E - Statistiques

Statistiques générales
  • Ce quiz a été pris 230 fois
  • Le résultat moyen est 6 sur 10
Statistiques - réponses
Indice Réponse % Correct
Siège du Parlement écossais Edimbourg
99%
Ville française célèbre pour ses falaises Etretat
86%
Capitale de l'Arménie Erevan
85%
Ville aux Pays-Bas où joue le club de football du PSV Eindhoven
74%
Préfecture de l'Eure Evreux
61%
Ville ayant donnée son nom a une marque d'eau française Evian-les-Bains
60%
Ville ayant fusionnée avec Courcouronnes Evry
55%
Ville texane située en face de la ville mexicaine de Ciudad Juárez El Paso
43%
Capitale de l'Alberta Edmonton
41%
Capitale du Kurdistan irakien Erbil
16%
Aucun quiz correspondant
Distribution des résultats
% des personnes avec chaque résultat
Percentile par nombre de réponses
Votre historique - résultats
Vous n’avez pas pris ce quiz